Classement du Ballon d'or 2018 - Statistiques

Statistiques générales
  • Ce quiz a été pris 445 fois
  • Le résultat moyen est 27 sur 30
Statistiques - réponses
Classement Joueur Club du joueur Nationalité % Correct
2 Cristiano Ronaldo Real Madrid / Juventus FC Portugal
100%
4 Kylian Mbappé Paris Saint-Germain France
99%
5 Lionel Messi FC Barcelone Argentine
99%
1 Luka Modric Real Madrid Croatie
99%
6 Mohamed Salah Liverpool FC Egypte
99%
3 Antoine Griezmann Atlético Madrid France
98%
9 Kevin De Bruyne Manchester City Belgique
98%
17 Gareth Bale Real Madrid Pays de Galles
97%
12 Neymar Jr Paris Saint-Germain Brésil
97%
10 Harry Kane Tottenham Hotspur Angleterre
96%
13 Luis Suarez FC Barcelone Uruguay
96%
7 Raphaël Varane Real Madrid France
95%
8 Eden Hazard Chelsea FC Belgique
94%
18 Karim Benzema Real Madrid France
94%
15 Paul Pogba Manchester United France
93%
23 Sadio Mané Liverpool FC Sénégal
93%
22 Edinson Cavani Paris Saint-Germain Uruguay
92%
11 N'Golo Kanté Chelsea FC France
92%
14 Thibaut Courtois Chelsea FC / Real Madrid Belgique
91%
20 Ivan Rakitic FC Barcelone Croatie
88%
30 Hugo Lloris Tottenham Hotspur France
87%
16 Sergio Agüero Manchester City Argentine
87%
21 Sergio Ramos Real Madrid Espagne
83%
19 Roberto Firmino Liverpool FC Brésil
81%
24 Marcelo Real Madrid Brésil
79%
27 Jan Oblak Atlético Madrid Slovénie
78%
25 Alisson Becker AS Rome / Liverpool FC Brésil
73%
26 Mario Mandzukic Juventus FC Croatie
72%
28 Diego Godin Atlético Madrid Uruguay
69%
29 Isco Real Madrid Espagne
54%
Aucun quiz correspondant
Distribution des résultats
% des personnes avec chaque résultat
Percentile par nombre de réponses
Votre historique - résultats
Vous n’avez pas pris ce quiz